000 01236cas a2200385 a 4500
001 14972703
003 OSt
005 20150616105115.0
008 070820c20039999sz fx p 0 0eng c
010 _a 2007235339
022 _a1560-4861
_20
035 _a(OCoLC)ocn160118861
040 _aMH
_beng
_cMH
_dDLC
_dNNC
_dOCoLC
041 0 _aeng
_afre
_aspa
042 _apcc
050 0 0 _aBV970.W8
_bA5
130 0 _aStudent world (Geneva, Switzerland : 2003)
210 1 _aStud. world
222 4 _aThe Student world
245 1 0 _aStudent world.
260 _aGeneva :
_bWorld Student Christian Federation,
_c2003-
300 _av. :
_bill. ;
_c23 cm.
310 _aTwo issues a year
362 0 _aVol. 63, no. 1 (2003)-
500 _aIssues for <2006/1-> have distinctive titles.
515 _aIssues also called: No. 247-
546 _aText in English, French and Spanish, <2006/1->
650 0 _aStudents
_vPeriodicals.
710 2 _aWorld Student Christian Federation.
780 0 0 _tWSCF books
_w(OCoLC)1725390
906 _a7
_bcbc
_cserials
_d3
_encip
_f20
_gn-oclcserc
942 _2lcc
_cPER
999 _c44728
_d44728